| 000 | 02855cam a22003618a 4500 | ||
|---|---|---|---|
| 005 | 20100603115815.0 | ||
| 010 | _aENG-101411 B-428431-432 | ||
| 020 |
_a9788132104674 _c695.00 |
||
| 035 | _aEN-84944 | ||
| 035 | _aB-428431-432 | ||
| 037 | _bDBAD/PUB | ||
| 037 | _bResearchco Book Centre | ||
| 082 | 0 | 0 | _a275.4008694 |
| 245 | 0 | 0 |
_aMargins of faith : _bDalit and tribal Christianity in India / _cedited by Rowena Robinson [and] Joseph Marianus Kujur |
| 260 |
_aNew Delhi _bSage Publications _c2010 |
||
| 270 |
_aB1/I-1 Mohan Cooperative Industrial Area Mathura Road _bNew Delhi _e110044 |
||
| 300 |
_aviii,299p. _c24cm (Hb) |
||
| 500 | _aIncludes bibliographical references and index. | ||
| 505 | 0 | _aTribal church in the margins: Oraons of central India / Joseph Marianus Kujur -- Dalit encounter with Christianity: change and continuity / S.M. Michael -- Margins of faith: Dalits and tribal Christians in eastern India / Jose Kalapura -- Varieties of Dalit Christianity in north India / John C.B. Webster -- Christian piety and the emergence of Hindu nationalism in central India / Peggy Froerer -- Legally Hindu: Dalit Lutheran Christians of coastal Andhra Pradesh / Ashok Kumar M. and Rowena Robinson -- Contradiction and change in the Mizo Church / Lakshmi Bhatia -- The broken mirror: John Masih's journey from Isai to Dalit / Mathew N. Schmalz -- Christianization, hinduization and indigenous revivalism among the tribals of Gujarat / Lancy Lobo -- The Catholic Church and Dalit Christian activism in contemporary Tamil Nadu / David Mosse -- Identity, conversion and violence: Dalits, Adivasis and the 2007-08 riots in Orissa / Chad M. Bauman. | |
| 650 | 0 |
_aChristianity _zIndia. _932556 |
|
| 650 | 0 |
_aChurch and minorities _zIndia. _932557 |
|
| 650 | 0 |
_aDalits _zIndia _xReligion. _932558 |
|
| 650 | 0 |
_aMarginality, Social _zIndia. _932559 |
|
| 650 | 0 |
_aMarginality, Social _xReligious aspects _xChristianity. _932560 |
|
| 700 | 1 |
_aRobinson, Rowena, _d1967- _918254 |
|
| 700 | 1 |
_aKujūra, Josepha Mariyānusa. _918255 |
|
| 942 |
_2ddc _cEN _h275.4008694 _mMAR |
||
| 999 |
_c43701 _d43701 |
||